000 00647cab a2200169 4500
001 L130348
008 050718n2004 000 0 eng u
035 _a(Sirsi) u130348
041 _aeng
245 _aJohn Laing Construction Ltd v Amber Pass Ltd
260 _c2004
490 _aEstates Gazette
_v[2004] EGLR 128
520 _aLandlord and tenant - break clause - yield up possession - tenant exercising break clause - whether tenant yielded up possession - whether yield up requires offer of keys - whether lease determined.
650 _aJOHN LAING CONSTRUCTION LTD V AMBER PASS LTD
690 _aLandlord and tenant
_96252
942 _n0
999 _c75572
_d75572